000 00713cab a2200229 4500
001 WB3319-52
008 090401t1997 xxu||||| |||| 00| 0 eng d
035 _a(Sirsi) u78296
041 _aeng
245 _aLaw Society backs property centres
260 _c1997
350 _a0
490 _aSolicitors` Journal
_v144(18), 9 May 1997, 420(1)
520 _aThe Law Society has agreed to contribute £80,000 towards a plan to establish a series of solicitors` property centres throughout the UK.
650 _aLAW SOCIETY
650 _aPROPERTY CENTRES
650 _aSOLICITORS PROPERTY NETWORK LTD
650 _aSOLICITORS
690 _aPROPERTY LAW AND PRACTICE
942 _n0
948 _c13/05/1997
999 _c49270
_d49270